|
|
|
|
| LEADER |
00000nam0a2200000 4500 |
| 001 |
204422 |
| 005 |
20231101225220.0 |
| 010 |
|
|
|a 9785991201605
|
| 035 |
|
|
|a (RuTPU)RU\TPU\book\222826
|
| 090 |
|
|
|a 204422
|
| 100 |
|
|
|a 20111123d2011 m y0rusy50 ca
|
| 101 |
0 |
|
|a rus
|
| 102 |
|
|
|a RU
|
| 105 |
|
|
|a a j 001zy
|
| 200 |
1 |
|
|a Введение в информационную безопасность
|e учебное пособие для вузов
|f А. А. Малюк [и др.]
|
| 210 |
|
|
|a Москва
|c Горячая линия-Телеком
|d 2011
|
| 215 |
|
|
|a 288 с.
|c ил.
|
| 225 |
1 |
|
|a Для высших учебных заведений. Специальность
|
| 320 |
|
|
|a Библиогр.: с. 279-285.
|
| 330 |
|
|
|a В систематизированном виде изложены основы современных знаний в области информационной безопасности, апробированные в практической деяельности государственной системы защиты информации. Рассмотрены концептуальные и методологические аспекты и практические методы решения основных прикладных задач информационной безопасности. Обсуждаются вопросы защиты информации от несанкционированного доступа и криптографической защиты информации. Изложен материал, связанный с защитой от утечки информации по техническим каналам и противодействием вредоносному программному обеспечению (компьютерным вирусам). Приведен анализ современного состояния организационно-правового обеспечения информационной безопасности на государственном и на объектовом уровнях управления. Рассмотрены основы проектирования комплексных систем защиты информации при автоматизированной обработке данных.
|
| 606 |
1 |
|
|a Компьютерные системы
|x Защита информации
|2 stltpush
|3 (RuTPU)RU\TPU\subj\15178
|9 41444
|
| 610 |
1 |
|
|a информационная безопасность
|
| 610 |
1 |
|
|a информация
|
| 610 |
1 |
|
|a угрозы
|
| 610 |
1 |
|
|a уязвимость
|
| 610 |
1 |
|
|a аутентификация
|
| 610 |
1 |
|
|a контроль
|
| 610 |
1 |
|
|a криптографические методы
|
| 610 |
1 |
|
|a технические каналы
|
| 610 |
1 |
|
|a утечка
|
| 610 |
1 |
|
|a технические каналы
|
| 610 |
1 |
|
|a вредоносное программное обеспечение
|
| 610 |
1 |
|
|a компьютерные вирусы
|
| 610 |
1 |
|
|a антивирусная защита
|
| 610 |
1 |
|
|a организационно-правовое обеспечение
|
| 610 |
1 |
|
|a лицензирование
|
| 610 |
1 |
|
|a техническое регулирование
|
| 610 |
1 |
|
|a комплексные защитные системы
|
| 610 |
1 |
|
|a системный подход
|
| 610 |
1 |
|
|a подсистемы
|
| 610 |
1 |
|
|a учебные пособия
|
| 675 |
|
|
|a 004.056.5(075.8)
|v 4
|
| 701 |
|
1 |
|a Малюк
|b А. А.
|g Анатолий Александрович
|
| 701 |
|
1 |
|a Горбатов
|b В. С.
|g Виктор Сергеевич
|
| 701 |
|
1 |
|a Королев
|b В. И.
|g Вадим Иванович
|
| 701 |
|
1 |
|a Фомичев
|b В. М.
|g Владимир Михайлович
|
| 701 |
|
1 |
|a Дураковский
|b А. П.
|g Анатолий Петрович
|
| 701 |
|
1 |
|a Кондратьева
|b Т. А.
|g Татьяна Александровна
|
| 801 |
|
1 |
|a RU
|b 63413507
|c 20111123
|
| 801 |
|
2 |
|a RU
|b 63413507
|c 20150421
|g RCR
|
| 900 |
|
|
|a Информационная безопасность
|
| 942 |
|
|
|c BK
|
| 951 |
|
|
|b 090900
|
| 959 |
|
|
|a 96/20111123
|d 2
|e 286,00
|f ЧЗТЛ:1
|f АНЛ:1
|